| 000 | 00954nam a2200325Ia 4500 | ||
|---|---|---|---|
| 001 | 86673 | ||
| 003 | IT-RoPAU | ||
| 008 | 130308s9999 xx 000 0 und d | ||
| 040 | _aIT-RoPAU | ||
| 040 | _cIT-RoPAU | ||
| 041 | _aSPAGNOLO | ||
| 100 | _aRemis Anna | ||
| 100 | _gCodice Aut. SPICS: 30895 | ||
| 245 | _a"Anuarios ""El Pais"" 1982 y 1983-Radiografia de la sociedad espanola?" | ||
| 245 | _bPais (El) o la referencia Dominante | ||
| 250 | _a1a ed. | ||
| 260 | _aBARCELONA | ||
| 260 | _bMitre | ||
| 260 | _c1986 [1° Ed.:1986 - Ed.Ling.Originale:1986] | ||
| 300 | _a"11 p. (prefazione: no ; testo: 11 [pagine: 133-143])" | ||
| 500 | _aAnnuari dei El pais 1982 1983 Radiografia della Società Spagnola? | ||
| 650 | _aSAGGI DI STAMPA DI MASSA | ||
| 650 | _eCodice materia Spics: 6661 | ||
| 700 | _aLopez Campillo Evelyne | ||
| 700 | _gCodice Aut. SPICS: 30896 | ||
| 942 | _cBK | ||
| 957 | _71 | ||
| 999 |
_c50001 _d50001 |
||
| 999 | _bSI | ||
| 999 | _g1 | ||